ARRUPE JESUIT UNIVERSITY

CORONAVIRUS -STOP THE SPREAD - CLEAN,DISINFECT,COVER

Sets, logic, and categories / (Record no. 121686)

MARC details
000 -LEADER
fixed length control field 01053cam a2200289 a 4500
001 - CONTROL NUMBER
control field 2142954
003 - CONTROL NUMBER IDENTIFIER
control field ARRUPE
005 - DATE AND TIME OF LATEST TRANSACTION
control field 20150121173752.0
008 - FIXED-LENGTH DATA ELEMENTS--GENERAL INFORMATION
fixed length control field 980701s1999 enka b 001 0 eng
010 ## - LIBRARY OF CONGRESS CONTROL NUMBER
LC control number 98029309
020 ## - INTERNATIONAL STANDARD BOOK NUMBER
International Standard Book Number 1852330562 (pbk. : alk. paper)
040 ## - CATALOGING SOURCE
Original cataloging agency DLC
Transcribing agency DLC
Modifying agency DLC
050 00 - LIBRARY OF CONGRESS CALL NUMBER
Classification number QA248
Item number .C17 1999
082 00 - DEWEY DECIMAL CLASSIFICATION NUMBER
Classification number 511.3/22
Edition number 21
300 ## - PHYSICAL DESCRIPTION
Other physical details ill. ;
Dimensions 24 cm.
100 1# - MAIN ENTRY--PERSONAL NAME
Personal name Cameron, Peter J.
Fuller form of name (Peter Jephson),
Dates associated with a name 1947-
9 (RLIN) 14004
245 10 - TITLE STATEMENT
Title Sets, logic, and categories /
Statement of responsibility, etc Peter J. Cameron.
260 ## - PUBLICATION, DISTRIBUTION, ETC. (IMPRINT)
Place of publication, distribution, etc London ;
-- New York :
Name of publisher, distributor, etc Springer,
Date of publication, distribution, etc c1999.
300 ## - PHYSICAL DESCRIPTION
Extent x, 180 p. :
440 #0 - SERIES STATEMENT/ADDED ENTRY--TITLE
Title Springer undergraduate mathematics series
9 (RLIN) 14005
504 ## - BIBLIOGRAPHY, ETC. NOTE
Bibliography, etc Includes bibliographical references (p. 175-176) and index.
650 #0 - SUBJECT ADDED ENTRY--TOPICAL TERM
Topical term or geographic name as entry element Set theory.
9 (RLIN) 13923
650 #0 - SUBJECT ADDED ENTRY--TOPICAL TERM
Topical term or geographic name as entry element Logic, Symbolic and mathematical.
9 (RLIN) 14006
650 #0 - SUBJECT ADDED ENTRY--TOPICAL TERM
Topical term or geographic name as entry element Categories (Mathematics)
9 (RLIN) 14007
906 ## - LOCAL DATA ELEMENT F, LDF (RLIN)
a 7
b cbc
c orignew
d 1
e ocip
f 19
g y-gencatlg
942 ## - ADDED ENTRY ELEMENTS (KOHA)
Source of classification or shelving scheme Library of Congress Classification
Koha item type Monograph ( Printed materials)
Holdings
Withdrawn status Lost status Source of classification or shelving scheme Damaged status Not for loan Collection code Home library Current library Shelving location Date acquired Total Checkouts Full call number Barcode Date last seen Price effective from Koha item type
    Library of Congress Classification     Main Collection ARRUPE LIBRARY ARRUPE LIBRARY Main Collection 15/01/2015   QA248 .C17 1999 46500003231 02/07/2019 15/01/2015 Monograph ( Printed materials)

 

Arrupe Library. PO Box MP320 Mt Pleasant, Harare, Zimbabwe
263 242 745411|librarian@aju.ac.zw